000 00517nam a2200193Ia 4500
008 240510s9999 xx 000 0 und d
020 _a9789332555402
041 _aEng
082 _a005.1
082 _bD27
100 _aGAMMA,ERICH;HELM,RICHARD(ET-AL)
245 0 _aDesign Patterns:Elements of Reusable Object-Oriented Software
260 _bIndia:Pearson India Education
260 _c2016
300 _a380 p.
650 _aOBJECT ORIENTED PROGRAMMING: DESIGN PATTERNS
942 _2ddc
942 _cRBK
999 _c21896
_d21896
945 _a1
_bMadushi Gamage
_c1
_dMadushi Gamage